000 00630nam a2200181Ia 4500
008 100920s9999 xx 000 0 und d
082 _b3929
_a891.43 थ 55
100 _aउपाध्याय भगवतशरण.
245 _aभारत की कहानी.
260 _bराजपाल एण्ड सन्स ,कश्मीरी गेट, दिल्ली.
_c1955
300 _a61
_bसाधी
365 _b1.5
520 _aहिंदी.
630 _aभारत की कहानी.
650 _aहिंदी.
730 _aभारत की कहानी.
942 _cBOOK
999 _c673777
_d673774